[Event "DEM U16 2023"]
[Site "Willingen GER"]
[Date "2023.06.03"]
[Round "9"]
[White "Foerster-Yialamas, Lucas"]
[Black "Metzdorf, Matteo"]
[Result "1-0"]
[Termination "normal"]
[Board "5"]
[WhiteTitle "CM"]
[WhiteElo "2151"]
[BlackElo "2099"]
[WhiteClock "00:58:03"]
[BlackClock "00:27:33"]
[PlyCount "91"]
[WhiteFideId "30901774"]
[BlackFideId "16209869"]
[EventCountry "GER"]
[EventRounds "9"]
[EventType "swiss"]
[EventDate "2023.05.27"]

1. e4 {[%clk 01:30:58]} c5 {[%clk 01:30:50]} {[%emt 00:00:10]} 2. Nf3 {[%clk
01:31:26]} {[%emt 00:00:02]} e6 {[%clk 01:31:10]} {[%emt 00:00:10]} 3. d4
{[%clk 01:31:55]} {[%emt 00:00:02]} cxd4 {[%clk 01:31:25]} {[%emt 00:00:16]} 4.
Nxd4 {[%clk 01:32:23]} {[%emt 00:00:02]} a6 {[%clk 01:31:45]} {[%emt 00:00:09]}
5. Nc3 {[%clk 01:32:50]} {[%emt 00:00:06]} Qc7 {[%clk 01:31:21]} {[%emt
00:00:52]} 6. a3 {[%clk 01:33:14]} {[%emt 00:00:06]} Nf6 {[%clk 01:18:47]}
{[%emt 00:13:03]} 7. f4 {[%clk 01:33:42]} {[%emt 00:00:02]} d6 {[%clk
01:15:32]} {[%emt 00:03:45]} 8. Be3 {[%clk 01:34:11]} b5 {[%clk 01:13:59]}
{[%emt 00:02:04]} 9. g4 {[%clk 01:34:40]} {[%emt 00:00:01]} Bb7 {[%clk
01:06:25]} {[%emt 00:08:03]} 10. Bg2 {[%clk 01:35:08]} {[%emt 00:00:01]} Nc6
{[%clk 01:03:06]} {[%emt 00:03:49]} 11. g5 {[%clk 01:35:37]} {[%emt 00:00:01]}
Nd7 {[%clk 00:56:42]} {[%emt 00:06:54]} 12. f5 {[%clk 01:36:06]} {[%emt
00:00:01]} Nxd4 {[%clk 00:47:34]} {[%emt 00:09:39]} 13. Bxd4 {[%clk 01:36:35]}
{[%emt 00:00:01]} Ne5 {[%clk 00:36:46]} {[%emt 00:11:18]} 14. fxe6 {[%clk
01:26:05]} {[%emt 00:10:59]} fxe6 {[%clk 00:35:27]} {[%emt 00:01:50]} 15. Qh5+
{[%clk 01:01:04]} {[%emt 00:25:31]} g6 {[%clk 00:24:19]} {[%emt 00:11:38]} 16.
Qh3 {[%clk 01:01:00]} {[%emt 00:00:33]} Qe7 {[%clk 00:22:54]} {[%emt 00:01:55]}
17. Bxe5 {[%clk 00:57:16]} {[%emt 00:04:14]} dxe5 {[%clk 00:23:06]} {[%emt
00:00:19]} 18. Qg4 {[%clk 00:53:46]} {[%emt 00:03:59]} Bg7 {[%clk 00:15:39]}
{[%emt 00:07:58]} 19. Bh3 {[%clk 00:52:40]} {[%emt 00:01:37]} Bc8 {[%clk
00:13:38]} {[%emt 00:02:30]} 20. O-O-O {[%clk 00:50:50]} {[%emt 00:02:20]} O-O
{[%clk 00:12:58]} {[%emt 00:01:10]} 21. Rhf1 {[%clk 00:47:46]} {[%emt
00:03:33]} Rb8 {[%clk 00:03:56]} {[%emt 00:09:32]} 22. Rxf8+ {[%clk 00:48:00]}
{[%emt 00:00:16]} Bxf8 {[%clk 00:03:49]} {[%emt 00:00:37]} 23. Qg3 {[%clk
00:43:56]} {[%emt 00:04:34]} Bg7 {[%clk 00:03:44]} {[%emt 00:00:35]} 24. Kb1
{[%clk 00:34:38]} {[%emt 00:09:48]} b4 {[%clk 00:03:49]} {[%emt 00:00:25]} 25.
axb4 {[%clk 00:34:07]} {[%emt 00:01:02]} Rxb4 {[%clk 00:04:17]} {[%emt
00:00:02]} 26. Nd5 {[%clk 00:28:40]} {[%emt 00:05:56]} exd5 {[%clk 00:04:30]}
{[%emt 00:00:17]} 27. Bxc8 {[%clk 00:29:01]} {[%emt 00:00:09]} d4 {[%clk
00:00:46]} {[%emt 00:04:14]} 28. Qa3 {[%clk 00:28:12]} {[%emt 00:01:19]} Bf8
{[%clk 00:00:46]} {[%emt 00:00:31]} 29. Qxa6 {[%clk 00:28:10]} {[%emt
00:00:32]} Qc7 {[%clk 00:00:41]} {[%emt 00:00:35]} 30. Qe6+ {[%clk 00:28:02]}
{[%emt 00:00:38]} Kh8 {[%clk 00:00:36]} {[%emt 00:00:35]} 31. Rf1 {[%clk
00:27:25]} {[%emt 00:01:06]} Qe7 {[%clk 00:00:34]} {[%emt 00:00:32]} 32. Qd5
{[%clk 00:25:58]} {[%emt 00:01:57]} Qd6 {[%clk 00:00:36]} {[%emt 00:00:29]} 33.
Qf7 {[%clk 00:25:49]} {[%emt 00:00:38]} Rb8 {[%clk 00:00:32]} {[%emt 00:00:34]}
34. Qxf8+ {[%clk 00:25:39]} {[%emt 00:00:40]} Qxf8 {[%clk 00:01:01]} {[%emt
00:00:01]} 35. Rxf8+ {[%clk 00:26:01]} {[%emt 00:00:08]} Kg7 {[%clk 00:01:30]}
{[%emt 00:00:01]} 36. Rd8 {[%clk 00:26:16]} {[%emt 00:00:14]} h6 {[%clk
00:01:21]} {[%emt 00:00:39]} 37. h4 {[%clk 00:26:45]} Rb6 {[%clk 00:01:06]}
{[%emt 00:00:46]} 38. Rd7+ {[%clk 00:27:07]} {[%emt 00:00:08]} Kh8 {[%clk
00:01:10]} {[%emt 00:00:25]} 39. Re7 {[%clk 00:27:09]} {[%emt 00:00:28]} Rb5
{[%clk 00:00:58]} {[%emt 00:00:43]} 40. gxh6 {[%clk 00:27:24]} {[%emt
00:00:15]} Rb8 {[%clk 00:00:54]} {[%emt 00:00:35]} 41. h5 {[%clk 00:27:03]}
{[%emt 00:00:51]} Rxc8 {[%clk 00:26:25]} {[%emt 00:05:00]} 42. hxg6 {[%clk
00:57:29]} {[%emt 00:00:04]} Kg8 {[%clk 00:26:27]} {[%emt 00:00:27]} 43. Rf7
{[%clk 00:57:56]} {[%emt 00:00:04]} Rb8 {[%clk 00:26:44]} {[%emt 00:00:13]} 44.
h7+ {[%clk 00:58:23]} {[%emt 00:00:03]} Kh8 {[%clk 00:27:07]} {[%emt 00:00:08]}
45. g7+ {[%clk 00:58:03]} {[%emt 00:00:49]} Kxh7 {[%clk 00:27:33]} {[%emt
00:00:04]} 46. Rf8 {[%emt 00:00:55]} 1-0

[Event "DEM U16 2023"]
[Site "Willingen GER"]
[Date "2023.06.03"]
[Round "9"]
[White "Möller, Maurin"]
[Black "Englert, Luca"]
[Result "1-0"]
[Termination "normal"]
[Board "6"]
[WhiteElo "2140"]
[BlackElo "2109"]
[WhiteClock "00:23:18"]
[BlackClock "00:56:52"]
[PlyCount "49"]
[WhiteFideId "16265696"]
[BlackFideId "16293088"]
[EventCountry "GER"]
[EventRounds "9"]
[EventType "swiss"]
[EventDate "2023.05.27"]

1. d4 {[%clk 01:30:53]} {[%emt 00:00:06]} d5 {[%clk 01:30:49]} {[%emt
00:00:12]} 2. c4 {[%clk 01:31:11]} {[%emt 00:00:12]} c6 {[%clk 01:31:14]}
{[%emt 00:00:05]} 3. Nf3 {[%clk 01:31:27]} {[%emt 00:00:14]} Nf6 {[%clk
01:31:39]} {[%emt 00:00:07]} 4. e3 {[%clk 01:31:38]} {[%emt 00:00:17]} e6
{[%clk 01:31:58]} {[%emt 00:00:11]} 5. Nbd2 {[%clk 01:31:52]} {[%emt 00:00:16]}
Nbd7 {[%clk 01:32:21]} {[%emt 00:00:06]} 6. Bd3 {[%clk 01:32:08]} {[%emt
00:00:15]} Bd6 {[%clk 01:32:25]} {[%emt 00:00:27]} 7. O-O {[%clk 01:31:59]}
{[%emt 00:00:38]} O-O {[%clk 01:32:46]} {[%emt 00:00:09]} 8. e4 {[%clk
01:31:56]} {[%emt 00:00:33]} dxe4 {[%clk 01:33:11]} {[%emt 00:00:05]} 9. Nxe4
{[%clk 01:32:16]} {[%emt 00:00:09]} Nxe4 {[%clk 01:33:34]} {[%emt 00:00:07]}
10. Bxe4 {[%clk 01:32:42]} {[%emt 00:00:04]} h6 {[%clk 01:32:09]} {[%emt
00:01:55]} 11. Bc2 {[%clk 01:32:30]} {[%emt 00:00:42]} Re8 {[%clk 01:32:26]}
{[%emt 00:00:13]} 12. Qd3 {[%clk 01:29:39]} {[%emt 00:03:21]} Nf8 {[%clk
01:32:24]} {[%emt 00:00:31]} 13. Rd1 {[%clk 01:11:18]} {[%emt 00:18:51]} Bc7
{[%clk 01:19:55]} {[%emt 00:12:59]} 14. Qe4 {[%clk 01:00:36]} {[%emt 00:11:12]}
Qd6 {[%clk 01:11:13]} {[%emt 00:09:12]} 15. h4 {[%clk 00:49:35]} {[%emt
00:11:31]} b6 {[%clk 01:09:03]} {[%emt 00:02:41]} 16. Ne5 {[%clk 00:40:01]}
{[%emt 00:10:03]} Bb7 {[%clk 01:07:23]} {[%emt 00:02:10]} 17. Bxh6 {[%clk
00:39:02]} {[%emt 00:01:30]} f5 {[%clk 01:06:14]} {[%emt 00:01:39]} 18. Qf4
{[%clk 00:24:46]} {[%emt 00:14:45]} gxh6 {[%clk 01:06:35]} {[%emt 00:00:10]}
19. Rd3 {[%clk 00:23:35]} {[%emt 00:01:41]} Re7 {[%clk 01:01:40]} {[%emt
00:05:26]} 20. Rg3+ {[%clk 00:23:37]} {[%emt 00:00:27]} Rg7 {[%clk 01:01:56]}
{[%emt 00:00:13]} 21. Rxg7+ {[%clk 00:23:52]} {[%emt 00:00:16]} Kxg7 {[%clk
01:02:20]} {[%emt 00:00:06]} 22. Rd1 {[%clk 00:24:00]} {[%emt 00:00:22]} Rd8
{[%clk 00:56:45]} {[%emt 00:06:06]} 23. Rd3 {[%clk 00:23:15]} {[%emt 00:01:15]}
Bc8 {[%clk 00:56:40]} {[%emt 00:00:35]} 24. Rg3+ {[%clk 00:23:18]} {[%emt
00:00:26]} Kh7 {[%clk 00:56:52]} {[%emt 00:00:18]} 25. Qg4 {[%emt 00:01:55]}
1-0

[Event "DEM U16 2023"]
[Site "Willingen GER"]
[Date "2023.06.03"]
[Round "9"]
[White "Fuhrmann, Bahne"]
[Black "Prieb, Robert"]
[Result "1/2-1/2"]
[Termination "normal"]
[Board "7"]
[BlackTitle "CM"]
[WhiteElo "2066"]
[BlackElo "2113"]
[WhiteClock "00:16:19"]
[BlackClock "00:26:25"]
[PlyCount "143"]
[WhiteFideId "16244842"]
[BlackFideId "16212002"]
[EventCountry "GER"]
[EventRounds "9"]
[EventType "swiss"]
[EventDate "2023.05.27"]

1. d4 {[%clk 01:30:59]} Nf6 {[%clk 01:30:50]} {[%emt 00:00:10]} 2. c4 {[%clk
01:31:26]} {[%emt 00:00:04]} g6 {[%clk 01:31:08]} {[%emt 00:00:12]} 3. g3
{[%clk 01:31:52]} {[%emt 00:00:04]} c6 {[%clk 01:31:04]} {[%emt 00:00:33]} 4.
Bg2 {[%clk 01:32:17]} {[%emt 00:00:05]} d5 {[%clk 01:31:21]} {[%emt 00:00:13]}
5. Nf3 {[%clk 01:32:44]} {[%emt 00:00:04]} Bg7 {[%clk 01:31:32]} {[%emt
00:00:18]} 6. O-O {[%clk 01:33:09]} {[%emt 00:00:05]} O-O {[%clk 01:31:48]}
{[%emt 00:00:14]} 7. a4 {[%clk 01:33:37]} {[%emt 00:00:02]} Ne4 {[%clk
01:24:32]} {[%emt 00:07:46]} 8. Nc3 {[%clk 01:29:21]} {[%emt 00:04:47]} Nxc3
{[%clk 01:20:13]} {[%emt 00:04:48]} 9. bxc3 {[%clk 01:29:44]} {[%emt 00:00:08]}
dxc4 {[%clk 01:19:53]} {[%emt 00:00:50]} 10. a5 {[%clk 01:22:15]} {[%emt
00:08:00]} c5 {[%clk 01:13:49]} {[%emt 00:06:33]} 11. Qa4 {[%clk 01:21:35]}
{[%emt 00:01:10]} cxd4 {[%clk 01:05:41]} {[%emt 00:08:37]} 12. cxd4 {[%clk
01:21:31]} {[%emt 00:00:34]} Nc6 {[%clk 01:04:08]} {[%emt 00:02:03]} 13. a6
{[%clk 01:15:16]} {[%emt 00:06:45]} Bd7 {[%clk 00:49:07]} {[%emt 00:15:30]} 14.
axb7 {[%clk 00:55:11]} {[%emt 00:20:36]} Rb8 {[%clk 00:49:12]} {[%emt
00:00:25]} 15. Qxc4 {[%clk 00:55:37]} {[%emt 00:00:04]} Rxb7 {[%clk 00:48:24]}
{[%emt 00:01:18]} 16. Ba3 {[%clk 00:54:32]} {[%emt 00:01:35]} Rc7 {[%clk
00:43:22]} {[%emt 00:05:31]} 17. Qd3 {[%clk 00:52:41]} {[%emt 00:02:21]} Bf5
{[%clk 00:38:42]} {[%emt 00:05:10]} 18. e4 {[%clk 00:32:07]} {[%emt 00:21:05]}
Bg4 {[%clk 00:37:13]} {[%emt 00:01:58]} 19. Bc5 {[%clk 00:23:04]} {[%emt
00:09:34]} Bxf3 {[%clk 00:35:40]} {[%emt 00:02:03]} 20. Bxf3 {[%clk 00:23:29]}
{[%emt 00:00:05]} Ne5 {[%clk 00:32:42]} {[%emt 00:03:28]} 21. Qe2 {[%clk
00:21:57]} {[%emt 00:02:02]} Nxf3+ {[%clk 00:33:04]} {[%emt 00:00:08]} 22. Qxf3
{[%clk 00:22:25]} {[%emt 00:00:02]} Bxd4 {[%clk 00:33:19]} {[%emt 00:00:15]}
23. Bxd4 {[%clk 00:22:52]} {[%emt 00:00:03]} Qxd4 {[%clk 00:33:37]} {[%emt
00:00:12]} 24. Ra6 {[%clk 00:22:26]} {[%emt 00:00:56]} Rc4 {[%clk 00:29:02]}
{[%emt 00:05:05]} 25. Rfa1 {[%clk 00:19:38]} {[%emt 00:03:18]} Qxe4 {[%clk
00:28:39]} {[%emt 00:00:53]} 26. Qxe4 {[%clk 00:20:03]} {[%emt 00:00:05]} Rxe4
{[%clk 00:28:57]} {[%emt 00:00:12]} 27. Rxa7 {[%clk 00:20:29]} {[%emt
00:00:04]} Kg7 {[%clk 00:27:14]} {[%emt 00:02:13]} 28. Ra8 {[%clk 00:20:49]}
{[%emt 00:00:10]} Rxa8 {[%clk 00:27:33]} {[%emt 00:00:11]} 29. Rxa8 {[%clk
00:21:15]} {[%emt 00:00:04]} g5 {[%clk 00:27:45]} {[%emt 00:00:18]} 30. Kg2
{[%clk 00:14:06]} {[%emt 00:07:39]} h5 {[%clk 00:23:50]} {[%emt 00:04:24]} 31.
Ra6 {[%clk 00:11:16]} {[%emt 00:03:21]} e6 {[%clk 00:22:26]} {[%emt 00:01:54]}
32. Ra7 {[%clk 00:11:40]} {[%emt 00:00:06]} Kg6 {[%clk 00:21:19]} {[%emt
00:01:36]} 33. Ra8 {[%clk 00:10:54]} {[%emt 00:01:17]} Rb4 {[%clk 00:19:10]}
{[%emt 00:02:38]} 34. Rg8+ {[%clk 00:10:05]} {[%emt 00:01:19]} Kf5 {[%clk
00:18:23]} {[%emt 00:01:16]} 35. Rh8 {[%clk 00:09:55]} {[%emt 00:00:40]} h4
{[%clk 00:17:07]} {[%emt 00:01:46]} 36. Rh7 {[%clk 00:07:51]} {[%emt 00:02:34]}
Kg6 {[%clk 00:15:18]} {[%emt 00:02:19]} 37. Rh8 {[%clk 00:08:15]} {[%emt
00:00:06]} Kg7 {[%clk 00:14:59]} {[%emt 00:00:49]} 38. Ra8 {[%clk 00:06:14]}
{[%emt 00:02:32]} f6 {[%clk 00:13:18]} {[%emt 00:02:09]} 39. Ra6 {[%clk
00:06:05]} {[%emt 00:00:40]} Kf7 {[%clk 00:12:34]} {[%emt 00:01:14]} 40. Ra7+
{[%clk 00:06:29]} {[%emt 00:00:06]} Kg6 {[%clk 00:12:52]} {[%emt 00:00:11]} 41.
Ra8 {[%clk 00:06:48]} {[%emt 00:00:12]} Re4 {[%clk 00:10:55]} {[%emt 00:02:27]}
42. Rg8+ {[%clk 00:06:05]} {[%emt 00:01:13]} Kf5 {[%clk 00:11:08]} {[%emt
00:00:17]} 43. Rh8 {[%clk 00:06:22]} {[%emt 00:00:14]} Ra4 {[%clk 00:10:18]}
{[%emt 00:01:20]} 44. Rh7 {[%clk 00:03:34]} {[%emt 00:03:18]} hxg3 {[%clk
00:06:27]} {[%emt 00:04:21]} 45. hxg3 {[%clk 00:03:43]} {[%emt 00:00:21]} Kg6
{[%clk 00:04:52]} {[%emt 00:02:05]} 46. Re7 {[%clk 00:03:03]} {[%emt 00:01:10]}
Re4 {[%clk 00:04:16]} {[%emt 00:01:06]} 47. Ra7 {[%clk 00:02:46]} {[%emt
00:00:47]} f5 {[%clk 00:03:21]} {[%emt 00:01:24]} 48. Ra8 {[%clk 00:02:27]}
{[%emt 00:00:50]} Re2 {[%clk 00:01:43]} {[%emt 00:02:08]} 49. Rg8+ {[%clk
00:01:50]} {[%emt 00:01:07]} Kh5 {[%clk 00:01:52]} {[%emt 00:00:21]} 50. Kf3
{[%clk 00:28:58]} {[%emt 00:03:22]} Ra2 {[%clk 00:31:23]} {[%emt 00:00:58]} 51.
Rh8+ {[%clk 00:29:20]} {[%emt 00:00:08]} Kg6 {[%clk 00:31:44]} {[%emt
00:00:09]} 52. Rg8+ {[%clk 00:29:39]} {[%emt 00:00:11]} Kf6 {[%clk 00:31:58]}
{[%emt 00:00:16]} 53. Rf8+ {[%clk 00:30:00]} {[%emt 00:00:10]} Kg7 {[%clk
00:32:04]} {[%emt 00:00:23]} 54. Rb8 {[%clk 00:30:22]} {[%emt 00:00:07]} Ra3+
{[%clk 00:31:42]} {[%emt 00:00:52]} 55. Kg2 {[%clk 00:30:47]} {[%emt 00:00:05]}
Ra6 {[%clk 00:30:56]} {[%emt 00:01:17]} 56. Kf3 {[%clk 00:30:58]} {[%emt
00:00:19]} e5 {[%clk 00:30:26]} {[%emt 00:00:59]} 57. Kg2 {[%clk 00:29:42]}
{[%emt 00:01:47]} e4 {[%clk 00:28:04]} {[%emt 00:02:51]} 58. Re8 {[%clk
00:27:22]} {[%emt 00:02:50]} Kf7 {[%clk 00:26:22]} {[%emt 00:02:11]} 59. Re5
{[%clk 00:27:26]} {[%emt 00:00:26]} Kf6 {[%clk 00:26:50]} {[%emt 00:00:02]} 60.
Re8 {[%clk 00:27:51]} {[%emt 00:00:06]} Re6 {[%clk 00:26:24]} {[%emt 00:00:55]}
61. Rf8+ {[%clk 00:26:54]} {[%emt 00:01:27]} Kg6 {[%clk 00:26:16]} {[%emt
00:00:38]} 62. Rg8+ {[%clk 00:26:39]} {[%emt 00:00:46]} Kh5 {[%clk 00:26:43]}
{[%emt 00:00:02]} 63. Kh3 {[%clk 00:23:44]} {[%emt 00:03:25]} f4 {[%clk
00:24:49]} {[%emt 00:02:24]} 64. Rh8+ {[%clk 00:20:43]} {[%emt 00:03:31]} Kg6
{[%clk 00:24:32]} {[%emt 00:00:47]} 65. gxf4 {[%clk 00:16:54]} {[%emt
00:04:19]} gxf4 {[%clk 00:24:52]} {[%emt 00:00:09]} 66. Kg4 {[%clk 00:15:36]}
{[%emt 00:01:48]} Rf6 {[%clk 00:25:02]} {[%emt 00:00:19]} 67. Rh1 {[%clk
00:15:02]} {[%emt 00:01:04]} e3 {[%clk 00:24:51]} {[%emt 00:00:42]} 68. fxe3
{[%clk 00:15:04]} {[%emt 00:00:28]} fxe3 {[%clk 00:25:14]} {[%emt 00:00:07]}
69. Re1 {[%clk 00:15:28]} {[%emt 00:00:06]} Re6 {[%clk 00:25:39]} {[%emt
00:00:05]} 70. Kf3 {[%clk 00:15:53]} {[%emt 00:00:05]} e2 {[%clk 00:26:02]}
{[%emt 00:00:08]} 71. Rxe2 {[%clk 00:16:19]} {[%emt 00:00:03]} Rxe2 {[%clk
00:26:25]} {[%emt 00:00:08]} 72. Kxe2 {[%emt 00:00:03]} 1/2-1/2

[Event "DEM U16 2023"]
[Site "Willingen GER"]
[Date "2023.06.03"]
[Round "9"]
[White "Guo, Philipp Ziming"]
[Black "Bock, Marlon"]
[Result "0-1"]
[Termination "normal"]
[Board "8"]
[WhiteElo "1941"]
[BlackElo "1954"]
[WhiteClock "00:14:47"]
[BlackClock "00:35:23"]
[PlyCount "54"]
[WhiteFideId "16245199"]
[BlackFideId "16244931"]
[EventCountry "GER"]
[EventRounds "9"]
[EventType "swiss"]
[EventDate "2023.05.27"]

1. e4 {[%clk 01:30:55]} {[%emt 00:00:03]} c5 {[%clk 01:30:57]} {[%emt
00:00:04]} 2. Nf3 {[%clk 01:31:11]} {[%emt 00:00:14]} d6 {[%clk 01:31:14]}
{[%emt 00:00:13]} 3. d4 {[%clk 01:31:32]} {[%emt 00:00:09]} cxd4 {[%clk
01:31:40]} {[%emt 00:00:03]} 4. Nxd4 {[%clk 01:31:52]} {[%emt 00:00:11]} Nf6
{[%clk 01:32:07]} {[%emt 00:00:02]} 5. Nc3 {[%clk 01:32:16]} {[%emt 00:00:06]}
e5 {[%clk 01:32:34]} {[%emt 00:00:04]} 6. Bb5+ {[%clk 01:24:23]} {[%emt
00:08:22]} Nbd7 {[%clk 01:32:52]} {[%emt 00:00:13]} 7. Nf5 {[%clk 01:21:16]}
{[%emt 00:03:37]} a6 {[%clk 01:33:09]} {[%emt 00:00:14]} 8. Bxd7+ {[%clk
01:19:09]} {[%emt 00:02:36]} Qxd7 {[%clk 01:33:34]} {[%emt 00:00:05]} 9. Bg5
{[%clk 01:13:08]} {[%emt 00:06:30]} Nxe4 {[%clk 01:33:31]} {[%emt 00:00:34]}
10. Nxg7+ {[%clk 01:09:55]} {[%emt 00:03:42]} Bxg7 {[%clk 01:33:56]} {[%emt
00:00:05]} 11. Nxe4 {[%clk 01:10:11]} {[%emt 00:00:13]} O-O {[%clk 01:34:17]}
{[%emt 00:00:10]} 12. Qxd6 {[%clk 00:54:33]} {[%emt 00:16:08]} f6 {[%clk
01:34:30]} {[%emt 00:00:18]} 13. Qxd7 {[%clk 00:53:58]} {[%emt 00:01:06]} Bxd7
{[%clk 01:34:55]} {[%emt 00:00:04]} 14. Be3 {[%clk 00:49:28]} {[%emt 00:04:59]}
Bc6 {[%clk 01:30:49]} {[%emt 00:04:37]} 15. Nd6 {[%clk 00:39:33]} {[%emt
00:10:24]} f5 {[%clk 01:21:39]} {[%emt 00:09:40]} 16. O-O {[%clk 00:38:13]}
{[%emt 00:01:50]} Rf6 {[%clk 01:15:50]} {[%emt 00:06:19]} 17. Rfd1 {[%clk
00:35:23]} {[%emt 00:03:20]} f4 {[%clk 01:06:16]} {[%emt 00:10:04]} 18. Bc5
{[%clk 00:31:11]} {[%emt 00:04:41]} Bf8 {[%clk 01:01:17]} {[%emt 00:05:29]} 19.
Rd2 {[%clk 00:28:07]} {[%emt 00:03:34]} Rg6 {[%clk 00:59:36]} {[%emt 00:02:12]}
20. g3 {[%clk 00:27:53]} {[%emt 00:00:43]} Rd8 {[%clk 00:58:01]} {[%emt
00:02:06]} 21. Rad1 {[%clk 00:20:55]} {[%emt 00:07:28]} Bf3 {[%clk 00:57:30]}
{[%emt 00:01:01]} 22. Nc4 {[%clk 00:19:30]} {[%emt 00:01:55]} Re8 {[%clk
00:38:25]} {[%emt 00:19:35]} 23. Bxf8 {[%clk 00:13:48]} {[%emt 00:06:12]} Bxd1
{[%clk 00:38:40]} {[%emt 00:00:15]} 24. Bd6 {[%clk 00:14:13]} {[%emt 00:00:05]}
Bf3 {[%clk 00:36:43]} {[%emt 00:02:27]} 25. Nxe5 {[%clk 00:13:58]} {[%emt
00:00:46]} Rxd6 {[%clk 00:36:24]} {[%emt 00:00:49]} 26. Nxf3 {[%clk 00:14:22]}
{[%emt 00:00:05]} Rxd2 {[%clk 00:35:31]} {[%emt 00:01:23]} 27. Nxd2 {[%clk
00:14:47]} {[%emt 00:00:05]} Re2 {[%clk 00:35:23]} {[%emt 00:00:37]} 0-1

[Event "DEM U16 2023"]
[Site "Willingen GER"]
[Date "2023.06.03"]
[Round "9"]
[White "Müller, Maximilian"]
[Black "Zhou, Lepu Coco"]
[Result "1-0"]
[Termination "normal"]
[Board "9"]
[WhiteElo "1908"]
[BlackElo "2001"]
[WhiteClock "00:42:06"]
[BlackClock "00:51:13"]
[PlyCount "47"]
[WhiteFideId "16243552"]
[BlackFideId "16217136"]
[EventCountry "GER"]
[EventRounds "9"]
[EventType "swiss"]
[EventDate "2023.05.27"]

1. d4 {[%clk 01:30:58]} d5 {[%clk 01:30:55]} {[%emt 00:00:05]} 2. Nc3 {[%clk
01:31:24]} {[%emt 00:00:05]} Nf6 {[%clk 01:31:05]} {[%emt 00:00:20]} 3. Bf4
{[%clk 01:31:50]} {[%emt 00:00:04]} e6 {[%clk 01:30:14]} {[%emt 00:01:21]} 4.
e3 {[%clk 01:32:16]} {[%emt 00:00:04]} Bd6 {[%clk 01:30:15]} {[%emt 00:00:28]}
5. g4 {[%clk 01:32:37]} {[%emt 00:00:10]} h6 {[%clk 01:27:53]} {[%emt
00:02:51]} 6. Qf3 {[%clk 01:31:55]} {[%emt 00:01:13]} c6 {[%clk 01:22:37]}
{[%emt 00:05:45]} 7. h4 {[%clk 01:26:18]} {[%emt 00:06:06]} Bb4 {[%clk
01:19:35]} {[%emt 00:03:33]} 8. Bd3 {[%clk 01:19:18]} {[%emt 00:07:31]} Nbd7
{[%clk 01:17:30]} {[%emt 00:02:34]} 9. g5 {[%clk 01:11:54]} {[%emt 00:07:53]}
Ng8 {[%clk 01:09:35]} {[%emt 00:08:25]} 10. Nge2 {[%clk 01:07:02]} {[%emt
00:05:24]} h5 {[%clk 01:04:41]} {[%emt 00:05:23]} 11. O-O-O {[%clk 01:04:00]}
{[%emt 00:03:32]} c5 {[%clk 00:59:46]} {[%emt 00:05:25]} 12. dxc5 {[%clk
00:53:01]} {[%emt 00:11:30]} Nxc5 {[%clk 00:59:43]} {[%emt 00:00:32]} 13. Nb5
{[%clk 00:49:04]} {[%emt 00:04:27]} e5 {[%clk 00:50:56]} {[%emt 00:09:18]} 14.
Bxe5 {[%clk 00:48:08]} {[%emt 00:01:25]} Bg4 {[%clk 00:51:17]} {[%emt
00:00:09]} 15. Qf4 {[%clk 00:47:26]} {[%emt 00:01:12]} Nxd3+ {[%clk 00:50:47]}
{[%emt 00:01:00]} 16. Rxd3 {[%clk 00:47:43]} {[%emt 00:00:13]} Bxe2 {[%clk
00:51:08]} {[%emt 00:00:09]} 17. Nc7+ {[%clk 00:40:40]} {[%emt 00:07:32]} Qxc7
{[%clk 00:50:16]} {[%emt 00:01:23]} 18. Bxc7 {[%clk 00:40:48]} {[%emt
00:00:22]} Bxd3 {[%clk 00:50:39]} {[%emt 00:00:05]} 19. Qxb4 {[%clk 00:40:45]}
{[%emt 00:00:34]} Be4 {[%clk 00:50:58]} {[%emt 00:00:12]} 20. Qxb7 {[%clk
00:40:48]} {[%emt 00:00:28]} Rd8 {[%clk 00:50:40]} {[%emt 00:00:48]} 21. Bxd8
{[%clk 00:40:54]} {[%emt 00:00:23]} Bxh1 {[%clk 00:51:05]} {[%emt 00:00:05]}
22. Qc8 {[%clk 00:41:20]} {[%emt 00:00:04]} f6 {[%clk 00:50:50]} {[%emt
00:00:45]} 23. Bxf6+ {[%clk 00:41:39]} {[%emt 00:00:10]} Kf7 {[%clk 00:51:13]}
{[%emt 00:00:08]} 24. Qd7+ {[%clk 00:42:06]} {[%emt 00:00:03]} 1-0